[Event "DEN-chT 2324 61st"]
[Site "Denmark"]
[Date "2024.03.03"]
[Round "7.5"]
[White "Le Besq, Alexander"]
[Black "Hove, Esben Kjems"]
[Result "1/2-1/2"]
[WhiteElo "2186"]
[BlackElo "2312"]
[PlyCount "106"]
[EventDate "2023.10.28"]
[EventType "team-tourn"]
[EventRounds "9"]
[EventCountry "DEN"]
[SourceTitle "CB11_2024"]
[SourceDate "2024.03.13"]
[SourceVersion "1"]
[SourceVersionDate "2024.03.13"]
[SourceQuality "1"]
[WhiteTeam "Frem"]
[BlackTeam "Nordkalotten"]
[WhiteTeamCountry "DEN"]
[BlackTeamCountry "DEN"]

1. e4 c6 2. d4 d5 3. exd5 cxd5 4. c4 Nf6 5. Nc3 e6 6. Nf3 Be7 7. cxd5 Nxd5 8. Bd3 Nc6 9. 0-0 0-0 10. Re1 Bf6 11. Be4 Nce7 12. Qd3 g6 13. Ne5 Bg7 14. a3 f6 15. Nc4 b6 16. b4 Bb7 17. Bb2 Qd7 18. Rad1 Rac8 19. Nd2 Nxc3 20. Bxc3 Nd5 21. Bb2 Bc6 22. Qg3 Ba4 23. Rc1 Bh6 24. Rxc8 Rxc8 25. Nf1 Bc6 26. h4 f5 27. Bb1 Bf4 28. Qd3 Bb8 29. g3 f4 30. Qe2 Re8 31. h5 fxg3 32. fxg3 g5 33. h6 Nf6 34. Ba2 Bd5 35. Qd2 Kf7 36. Bb1 g4 37. Qf2 Rf8 38. Nh2 Ke8 39. Rf1 Qd6 40. Bc1 Qxg3+ 41. Qxg3 Bxg3 42. Bg5 Ne4 43. Rxf8+ Kxf8 44. Bxe4 Bxe4 45. Nxg4 Kf7 46. Ne5+ Bxe5 47. dxe5 Kg6 48. Bd8 b5 49. Kf2 Kxh6 50. Ke3 Bg2 51. Kf4 Kg6 52. Bh4 Bf1 53. Bf6 Kf7 1/2-1/2

[Event "DEN-chT 2223 60th"]
[Site "Denmark"]
[Date "2023.03.26"]
[Round "9.5"]
[White "Sorensen, Jan"]
[Black "Hove, Esben Kjems"]
[Result "1/2-1/2"]
[WhiteElo "2370"]
[BlackElo "2305"]
[PlyCount "29"]
[EventDate "2022.10.29"]
[EventType "team-tourn"]
[EventRounds "9"]
[EventCountry "DEN"]
[SourceTitle "CBM 213 Extra"]
[Source "ChessBase"]
[SourceDate "2023.05.31"]
[SourceVersion "1"]
[SourceVersionDate "2023.05.31"]
[SourceQuality "1"]
[WhiteTeam "Aarhus/Skolerne"]
[BlackTeam "Nordkalotten"]
[WhiteTeamCountry "DEN"]
[BlackTeamCountry "DEN"]

1. e4 c6 2. d4 d5 3. exd5 cxd5 4. Bd3 Nc6 5. c3 Nf6 6. Bf4 Bg4 7. Qb3 Na5 8. Qa4+ Bd7 9. Qc2 Rc8 10. Nf3 e6 11. 0-0 Be7 12. Nbd2 0-0 13. Ne5 h6 14. Rae1 Qe8 15. Ndf3 1/2-1/2

[Event "DEN-chT 2223 60th"]
[Site "Denmark"]
[Date "2022.12.04"]
[Round "4.1"]
[White "Hove, Esben Kjems"]
[Black "Borge, Nikolaj"]
[Result "0-1"]
[WhiteElo "2305"]
[BlackElo "2388"]
[PlyCount "112"]
[EventDate "2022.10.29"]
[EventType "team-tourn"]
[EventRounds "9"]
[EventCountry "DEN"]
[SourceTitle "CBM 213 Extra"]
[Source "ChessBase"]
[SourceDate "2023.05.31"]
[SourceVersion "1"]
[SourceVersionDate "2023.05.31"]
[SourceQuality "1"]
[WhiteTeam "Nordkalotten"]
[BlackTeam "Hillerod"]
[WhiteTeamCountry "DEN"]
[BlackTeamCountry "DEN"]

1. d4 d5 2. Nf3 Nf6 3. Bf4 e6 4. e3 c5 5. c3 Nc6 6. Nbd2 Qb6 7. Qb3 c4 8. Qc2 Nh5 9. Bg3 Nxg3 10. hxg3 Bd7 11. e4 0-0-0 12. Be2 Be7 13. b3 cxb3 14. axb3 h5 15. b4 a6 16. exd5 exd5 17. Nb3 Kb8 18. Nc5 Bc8 19. Na4 Qc7 20. b5 axb5 21. Bxb5 h4 22. gxh4 Bxh4 23. Bxc6 Qxc6 24. Nxh4 Rde8+ 25. Kf1 g5 26. Qd2 gxh4 27. Nb6 Kc7 28. Nxc8 Kxc8 29. Ra8+ Kd7 30. Rxe8 Kxe8 31. Rh3 Kf8 32. Qg5 Qg6 33. Qxg6 fxg6 34. f4 Kg7 35. Ke2 Kf6 36. Kf3 Kf5 37. g3 Rc8 38. g4+ Kf6 39. Ke2 Re8+ 40. Kf3 g5 41. Rh1 Rc8 42. Rc1 b5 43. fxg5+ Kxg5 44. Rb1 Rxc3+ 45. Kf2 Rc2+ 46. Kf3 Rc3+ 47. Kf2 Kf4 48. g5 Rg3 49. Rxb5 Rxg5 50. Rb8 Ke4 51. Ra8 Rh5 52. Ra4 h3 53. Kg1 h2+ 54. Kh1 Ke3 55. Rb4 Kd3 56. Ra4 Kc3 0-1

[Event "DEN-chT 2223 60th"]
[Site "Denmark"]
[Date "2022.11.20"]
[Round "3.2"]
[White "Jacobsen, Mikkel Manosri"]
[Black "Hove, Esben Kjems"]
[Result "0-1"]
[WhiteElo "2267"]
[BlackElo "2305"]
[PlyCount "149"]
[EventDate "2022.10.29"]
[EventType "team-tourn"]
[EventRounds "9"]
[EventCountry "DEN"]
[SourceTitle "CBM 213 Extra"]
[Source "ChessBase"]
[SourceDate "2023.05.31"]
[SourceVersion "1"]
[SourceVersionDate "2023.05.31"]
[SourceQuality "1"]
[WhiteTeam "BMS"]
[BlackTeam "Nordkalotten"]
[WhiteTeamCountry "DEN"]
[BlackTeamCountry "DEN"]

1. d4 d5 2. Nf3 Nf6 3. Bf4 c6 4. e3 Bf5 5. c4 e6 6. Qb3 Qc8 7. Nc3 Nbd7 8. Nh4 Bg6 9. h3 Be7 10. Rc1 Nb6 11. Nxg6 hxg6 12. cxd5 Nbxd5 13. Bh2 0-0 14. Be2 Bd8 15. Bf3 Bc7 16. Bxc7 Qxc7 17. 0-0 Qb6 18. Qc2 Rfd8 19. a3 Rab8 20. Na4 Qc7 21. b4 Qe7 22. Nc5 Nd7 23. Nd3 a5 24. Bxd5 cxd5 25. bxa5 Qxa3 26. Ra1 Qd6 27. Rfc1 Qa6 28. Qc3 Ra8 29. Ra3 Qa7 30. Qc7 Qb8 31. Rb3 Ra7 32. a6 b6 33. Qxb8 Nxb8 34. Nb4 Kf8 35. Rbc3 Ra8 36. Rc8 Ke8 37. Rxd8+ Kxd8 38. Ra1 Ra7 39. f3 Kd7 40. Kf2 Nc6 41. Nc2 b5 42. e4 b4 43. Ke3 b3 44. Ne1 b2 45. Rb1 Rxa6 46. Rxb2 Ra3+ 47. Nd3 Kc7 48. exd5 exd5 49. Rb5 f6 50. h4 Kd6 51. Rb7 Na5 52. Rxg7 Nc4+ 53. Ke2 Ra2+ 54. Ke1 Rxg2 55. Nf4 Rh2 56. Rxg6 Rxh4 57. Rxf6+ Kd7 58. Ke2 Nd6 59. Kd3 Nb5 60. Rf5 Kc6 61. Ke3 Nc7 62. Rf6+ Kd7 63. Ng6 Rh1 64. Ne5+ Ke7 65. Rf7+ Kd8 66. Rd7+ Kc8 67. Rd6 Re1+ 68. Kd2 Ra1 69. Nc6 Ra2+ 70. Ke3 Ra3+ 71. Kf4 Rd3 72. Ne7+ Kb7 73. Nxd5 Rxd4+ 74. Ke5 Rd3 75. Ke4 0-1

[Event "Nordkalottens Rapid"]
[Site "Gilleleje"]
[Date "2022.11.06"]
[Round "2"]
[White "Hove, Esben Kjems"]
[Black "Hansen, Sune Berg"]
[Result "1-0"]
[WhiteElo "2305"]
[BlackElo "2532"]
[PlyCount "59"]
[EventDate "2022.11.06"]
[EventType "tourn (rapid)"]
[EventRounds "7"]
[EventCountry "DEN"]
[EventCategory "3"]
[SourceTitle "CBM 211 Extra"]
[Source "ChessBase"]
[SourceDate "2023.01.31"]
[SourceVersion "1"]
[SourceVersionDate "2023.01.31"]
[SourceQuality "1"]

1. d4 Nf6 2. c4 g6 3. Nf3 Bg7 4. g3 0-0 5. Bg2 d6 6. 0-0 Nbd7 7. Nc3 e5 8. b3 Re8 9. Bb2 e4 10. Ng5 e3 11. fxe3 Bh6 12. Nh3 Ng4 13. Rf3 Bxe3+ 14. Kh1 c6 15. Bc1 Ndf6 16. Bxe3 Nxe3 17. Qd2 Qe7 18. Nf2 Bf5 19. Re1 h5 20. Bh3 Nfg4 21. Bg2 Nxf2+ 22. Rxf2 h4 23. Nd1 hxg3 24. hxg3 Ng4 25. Rf3 Qf6 26. Nf2 Qh8+ 27. Kg1 Qh2+ 28. Kf1 Re7 29. Qg5 Rae8 30. Nxg4 1-0

[Event "Nordkalottens Rapid"]
[Site "Gilleleje"]
[Date "2022.11.06"]
[Round "4"]
[White "Hove, Esben Kjems"]
[Black "Nielsen, Frode Benedikt"]
[Result "1-0"]
[WhiteElo "2305"]
[BlackElo "1918"]
[PlyCount "97"]
[EventDate "2022.11.06"]
[EventType "tourn (rapid)"]
[EventRounds "7"]
[EventCountry "DEN"]
[EventCategory "3"]
[SourceTitle "CBM 211 Extra"]
[Source "ChessBase"]
[SourceDate "2023.01.31"]
[SourceVersion "1"]
[SourceVersionDate "2023.01.31"]
[SourceQuality "1"]

1. d4 f5 2. Nf3 Nf6 3. g3 e6 4. Bg2 d5 5. 0-0 c6 6. b3 Ne4 7. c4 Bd6 8. Ba3 0-0 9. Bxd6 Qxd6 10. Qc2 Nd7 11. Nc3 Ndf6 12. Rad1 Bd7 13. Ne5 Be8 14. Na4 Nd7 15. f3 Ng5 16. Nxd7 Qxd7 17. Qd2 Qe7 18. Qe3 b6 19. Nb2 h6 20. Nd3 Qd6 21. Nf4 Bf7 22. Rc1 Rad8 23. c5 bxc5 24. Rxc5 Rb8 25. Rfc1 Rb6 26. a4 Rfb8 27. R1c3 Qd7 28. a5 Rb5 29. Nd3 Rxc5 30. Nxc5 Qc7 31. Na6 Qc8 32. Nxb8 Qxb8 33. Rxc6 Qb4 34. Qc3 Qa3 35. Rc8+ Kh7 36. h4 Qa2 37. hxg5 Qb1+ 38. Kh2 hxg5 39. Qe3 f4 40. gxf4 Qe1 41. Rc1 Qh4+ 42. Kg1 gxf4 43. Qf2 Qg5 44. Kf1 Bg6 45. Bh3 Qf6 46. Bg4 e5 47. Rc8 Bf5 48. Qh2+ Kg6 49. Qh5# 1-0

[Event "Nordkalottens Rapid"]
[Site "Gilleleje"]
[Date "2022.11.06"]
[Round "3"]
[White "Sylvan, Jacob"]
[Black "Hove, Esben Kjems"]
[Result "1/2-1/2"]
[WhiteElo "2316"]
[BlackElo "2305"]
[PlyCount "126"]
[EventDate "2022.11.06"]
[EventType "tourn (rapid)"]
[EventRounds "7"]
[EventCountry "DEN"]
[EventCategory "3"]
[SourceTitle "CBM 211 Extra"]
[Source "ChessBase"]
[SourceDate "2023.01.31"]
[SourceVersion "1"]
[SourceVersionDate "2023.01.31"]
[SourceQuality "1"]

1. e4 c6 2. d4 d5 3. e5 Bf5 4. Nf3 e6 5. Be2 Nd7 6. 0-0 Ne7 7. Nbd2 h6 8. Nb3 Qc7 9. Bd2 Bh7 10. a4 Ng6 11. Rc1 Be7 12. Ne1 0-0 13. f4 f6 14. Nd3 fxe5 15. fxe5 Rxf1+ 16. Bxf1 c5 17. c4 dxc4 18. Rxc4 b6 19. Qg4 Qc6 20. Nb4 Qxa4 21. Qxe6+ Kh8 22. Qc6 Qxc6 23. Nxc6 Bg8 24. Rc3 cxd4 25. Nxe7 dxc3 26. Nxg6+ Kh7 27. Bd3 Bxb3 28. Bxc3 Nc5 29. Bf5 Kg8 30. h4 Be6 31. Bc2 a5 32. Nf4 Kf7 33. Ne2 Bb3 34. Bf5 g6 35. Bg4 Ne6 36. h5 gxh5 37. Bxh5+ Ke7 38. Ng3 Bc2 39. Bf3 Rg8 40. Nh5 Ng5 41. Bd5 Rd8 42. Nf6 Ne6 43. Bc4 Nc7 44. Ng8+ Kd7 45. Nxh6 Kc6 46. Nf7 Rd1+ 47. Kf2 b5 48. Be2 Rd7 49. e6 Re7 50. Bf6 Rxe6 51. Nd8+ Kc5 52. Nxe6+ Nxe6 53. Be7+ Kc6 54. Ke3 b4 55. g4 Bg6 56. g5 a4 57. Bc4 Nc7 58. Kd4 Nb5+ 59. Ke5 a3 60. bxa3 bxa3 61. Kf6 Bb1 62. Bxb5+ Kxb5 63. Bxa3 Kc6 1/2-1/2

[Event "DEN-chT 2122 59th"]
[Site "Denmark"]
[Date "2021.10.31"]
[Round "2.4"]
[White "Hove, Esben Kjems"]
[Black "Andersen, Jackie"]
[Result "0-1"]
[WhiteElo "2335"]
[BlackElo "2398"]
[PlyCount "72"]
[EventDate "2021.10.30"]
[EventType "team-tourn"]
[EventRounds "9"]
[EventCountry "DEN"]
[SourceTitle "CBM 204 Extra"]
[Source "ChessBase"]
[SourceDate "2021.11.30"]
[SourceVersion "1"]
[SourceVersionDate "2021.11.30"]
[SourceQuality "1"]
[WhiteTeam "Nordkallotten"]
[BlackTeam "Skanderborg Nordea"]
[WhiteTeamCountry "DEN"]
[BlackTeamCountry "DEN"]

1. d4 g6 2. Nf3 Bg7 3. g3 d6 4. Bg2 Nd7 5. 0-0 c5 6. c4 Ngf6 7. Nc3 0-0 8. b3 a6 9. Bb2 Rb8 10. dxc5 Nxc5 11. Nd4 e5 12. Nc2 b5 13. cxb5 axb5 14. b4 Ne6 15. e4 h5 16. Qd3 Qb6 17. Rad1 Rd8 18. Ne3 h4 19. a3 Nc7 20. gxh4 Be6 21. Ncd5 Ncxd5 22. exd5 Bd7 23. Bf3 Re8 24. Qb3 Qd8 25. Ng2 Bh3 26. Bc1 Qd7 27. Bg5 Qf5 28. Bxf6 Bxf6 29. Be4 Qxe4 30. Qxh3 Kg7 31. f4 Rh8 32. fxe5 Bxe5 33. Qd7 Rbf8 34. Qxb5 Qg4 35. Kh1 Qh3 36. Nf4 Qxh4 0-1

[Event "DEN-chT 2122 59th"]
[Site "Denmark"]
[Date "2021.10.30"]
[Round "1.4"]
[White "Jensen, Bjarke"]
[Black "Hove, Esben Kjems"]
[Result "1/2-1/2"]
[WhiteElo "2349"]
[BlackElo "2335"]
[PlyCount "104"]
[EventDate "2021.10.30"]
[EventType "team-tourn"]
[EventRounds "9"]
[EventCountry "DEN"]
[SourceTitle "CBM 204 Extra"]
[Source "ChessBase"]
[SourceDate "2021.11.30"]
[SourceVersion "1"]
[SourceVersionDate "2021.11.30"]
[SourceQuality "1"]
[WhiteTeam "Jetsmark"]
[BlackTeam "Nordkallotten"]
[WhiteTeamCountry "DEN"]
[BlackTeamCountry "DEN"]

1. e4 c6 2. d4 d5 3. Nc3 dxe4 4. Nxe4 Bf5 5. Ng3 Bg6 6. h4 h6 7. Nf3 Nd7 8. Bd3 Bxd3 9. Qxd3 Ngf6 10. Bd2 e6 11. 0-0-0 Be7 12. Qe2 0-0 13. Nf1 c5 14. g4 Nxg4 15. Rg1 h5 16. Ne5 Ndxe5 17. dxe5 Qd5 18. Ne3 Qxa2 19. c4 f5 20. Ng2 Rf7 21. Bc3 f4 22. f3 Ne3 23. Nxe3 fxe3 24. Rg6 Bxh4 25. Qxe3 Qxc4 26. Qh6 Qf4+ 27. Qxf4 Rxf4 28. Rdg1 Rf7 29. Rxe6 Bf2 30. Rg2 Be3+ 31. Kc2 h4 32. Reg6 h3 33. R2g4 Bd4 34. e6 Re7 35. Bxd4 cxd4 36. Rh6 Rf8 37. Rxh3 Rxe6 38. Rxd4 Re2+ 39. Rd2 Rxd2+ 40. Kxd2 Rf6 41. Ke3 Rb6 42. Rh2 Rb4 43. Rc2 a5 44. f4 Kf7 45. Kf3 a4 46. Rd2 b5 47. Kg4 Rb3 48. Kf5 b4 49. Rd7+ Kg8 50. Ra7 a3 51. bxa3 bxa3 52. Kg5 Rg3+ 1/2-1/2

[Event "EU-Cup 36th"]
[Site "Struga"]
[Date "2021.09.23"]
[Round "6.4"]
[White "Hove, Esben Kjems"]
[Black "Rasti, Arvin"]
[Result "1-0"]
[WhiteElo "2315"]
[BlackElo "2219"]
[PlyCount "77"]
[EventDate "2021.09.18"]
[EventType "team-swiss"]
[EventRounds "7"]
[EventCountry "MKD"]
[SourceTitle "CBM 204 Extra"]
[Source "ChessBase"]
[SourceDate "2021.11.30"]
[SourceVersion "1"]
[SourceVersionDate "2021.11.30"]
[SourceQuality "1"]
[WhiteTeam "Nordkalotten"]
[BlackTeam "Pelaro Alingsas"]
[WhiteTeamCountry "DEN"]
[BlackTeamCountry "SWE"]

1. d4 Nf6 2. Bf4 g6 3. e3 Bg7 4. Nd2 0-0 5. Ngf3 d6 6. Be2 Nbd7 7. 0-0 Nh5 8. Bg5 h6 9. Bh4 g5 10. Ne1 Nhf6 11. Bg3 e5 12. c3 Qe7 13. a4 a5 14. dxe5 dxe5 15. Nc2 Nc5 16. Na3 Nfe4 17. Nxe4 Nxe4 18. Qc2 Bf5 19. Bd3 Nxg3 20. hxg3 Bxd3 21. Qxd3 c6 22. e4 Rfd8 23. Qe2 Rd7 24. Rfd1 Rad8 25. Rxd7 Rxd7 26. Rd1 Rxd1+ 27. Qxd1 Qe6 28. b3 f5 29. exf5 Qxf5 30. Nc4 e4 31. Qd8+ Kh7 32. Qxa5 Qf8 33. g4 Qe7 34. Qf5+ Kh8 35. Qg6 Bf8 36. g3 Qc5 37. Qf5 Qxf5 38. gxf5 c5 39. Nd2 1-0

[Event "EU-Cup 36th"]
[Site "Struga"]
[Date "2021.09.22"]
[Round "5.4"]
[White "Bjornsson, Tomas"]
[Black "Hove, Esben Kjems"]
[Result "1/2-1/2"]
[WhiteElo "2175"]
[BlackElo "2315"]
[PlyCount "94"]
[EventDate "2021.09.18"]
[EventType "team-swiss"]
[EventRounds "7"]
[EventCountry "MKD"]
[SourceTitle "CBM 204 Extra"]
[Source "ChessBase"]
[SourceDate "2021.11.30"]
[SourceVersion "1"]
[SourceVersionDate "2021.11.30"]
[SourceQuality "1"]
[WhiteTeam "Viking CC"]
[BlackTeam "Nordkalotten"]
[WhiteTeamCountry "ISL"]
[BlackTeamCountry "DEN"]

1. d4 d5 2. c4 c6 3. Nf3 Nf6 4. Nc3 dxc4 5. a4 Bf5 6. e3 e6 7. Bxc4 Bb4 8. 0-0 0-0 9. Nh4 Bg6 10. Nxg6 hxg6 11. Qc2 Nbd7 12. b3 a6 13. Bb2 b5 14. Be2 Rc8 15. Ne4 Qb6 16. Nxf6+ Nxf6 17. Qd3 Rfd8 18. axb5 axb5 19. Bc3 Bxc3 20. Qxc3 Nd5 21. Qa5 Qb8 22. Rfc1 b4 23. Bf3 Nc3 24. h3 Qd6 25. Qb6 c5 26. dxc5 Qxc5 27. Qxc5 Rxc5 28. Rc2 e5 29. Kf1 e4 30. Be2 Rcd5 31. Ke1 g5 32. f3 Re5 33. Kf2 Rde8 34. Bc4 exf3 35. gxf3 Rxe3 36. Ra7 R8e7 37. Rxe7 Rxe7 38. Rd2 Rb7 39. Kg3 Kh7 40. h4 gxh4+ 41. Kxh4 Kg6 42. Kg4 Rb6 43. Rd7 f5+ 44. Kf4 Kf6 45. Rf7+ Kg6 46. Rxf5 Rf6 47. Rxf6+ Kxf6 1/2-1/2

[Event "DEN-chT 1920 58th"]
[Site "Denmark"]
[Date "2020.09.05"]
[Round "8.3"]
[White "Christensen, Jan"]
[Black "Hove, Esben Kjems"]
[Result "0-1"]
[WhiteElo "2177"]
[BlackElo "2323"]
[PlyCount "60"]
[EventDate "2019.11.23"]
[EventType "team-tourn"]
[EventRounds "9"]
[EventCountry "DEN"]
[SourceTitle "EXT 2021"]
[Source "ChessBase"]
[SourceDate "2020.10.23"]
[SourceVersion "1"]
[SourceVersionDate "2020.10.23"]
[SourceQuality "1"]
[WhiteTeam "Nordre"]
[BlackTeam "Nordkallotten"]
[WhiteTeamCountry "DEN"]
[BlackTeamCountry "DEN"]

1. d4 d5 2. c4 c6 3. Nf3 Nf6 4. Nc3 dxc4 5. a4 Bf5 6. Ne5 Nbd7 7. Nxc4 Qc7 8. g3 e5 9. dxe5 Nxe5 10. Bf4 Nfd7 11. Bg2 f6 12. 0-0 Be6 13. Nxe5 fxe5 14. Bg5 h6 15. Be3 Nf6 16. Qc2 Bb4 17. a5 a6 18. Qa4 Qe7 19. Rfd1 0-0 20. Na2 Bc5 21. Bxc5 Qxc5 22. Rac1 Qb5 23. Qa3 Qxe2 24. Nc3 Qh5 25. Qe7 Bh3 26. Rd2 Rf7 27. Qc5 Raf8 28. Re1 Bxg2 29. Rxe5 Qh3 30. f4 Bf3 0-1

[Event "Copenhagen CC IM"]
[Site "Ballerup"]
[Date "2020.07.25"]
[Round "6"]
[White "Hove, Esben Kjems"]
[Black "Pedersen, Nicolai Kvist Brond"]
[Result "1/2-1/2"]
[WhiteElo "2324"]
[BlackElo "2223"]
[PlyCount "65"]
[EventDate "2020.07.22"]
[EventType "tourn"]
[EventRounds "9"]
[EventCountry "DEN"]
[EventCategory "2"]
[SourceTitle "CBM 197 Extra"]
[Source "ChessBase"]
[SourceDate "2020.09.30"]
[SourceVersion "1"]
[SourceVersionDate "2020.09.30"]
[SourceQuality "1"]

1. d4 Nf6 2. Nf3 d5 3. Bf4 c5 4. e3 Nc6 5. c3 Qb6 6. Qb3 c4 7. Qc2 Bf5 8. Qc1 h6 9. h3 e6 10. Be2 Be7 11. 0-0 0-0 12. Nbd2 Qd8 13. Bd1 b5 14. Bc2 Qd7 15. Re1 Ne4 16. Nxe4 Bxe4 17. Bxe4 dxe4 18. Nd2 f5 19. f3 exf3 20. Nxf3 Bf6 21. Qc2 Rae8 22. a4 a6 23. axb5 axb5 24. b3 e5 25. Bh2 Qd5 26. bxc4 bxc4 27. Qa4 Kh7 28. dxe5 Nxe5 29. Bxe5 Bxe5 30. Rad1 Qc5 31. Nxe5 Rxe5 32. Rd4 Rc8 33. Re2 1/2-1/2

[Event "DEN-chT 1920 58th"]
[Site "Denmark"]
[Date "2020.01.26"]
[Round "6.4"]
[White "Hove, Esben Kjems"]
[Black "Hansen, Soren Bech"]
[Result "1-0"]
[WhiteElo "2323"]
[BlackElo "2221"]
[PlyCount "139"]
[EventDate "2019.11.23"]
[EventType "team-tourn"]
[EventRounds "9"]
[EventCountry "DEN"]
[SourceTitle "CBM 195 Extra"]
[Source "ChessBase"]
[SourceDate "2020.05.31"]
[SourceVersion "1"]
[SourceVersionDate "2020.05.31"]
[SourceQuality "1"]
[WhiteTeam "Nordkallotten"]
[BlackTeam "Obro"]
[WhiteTeamCountry "DEN"]
[BlackTeamCountry "DEN"]

1. Nf3 Nf6 2. d4 e6 3. g3 b6 4. Bg2 Bb7 5. 0-0 c5 6. c4 cxd4 7. Nxd4 Bxg2 8. Kxg2 a6 9. b3 d6 10. Bb2 Qc7 11. Nc3 Be7 12. e4 Nc6 13. Nc2 0-0 14. Ne3 Qb7 15. f3 b5 16. Qe2 Rab8 17. Rac1 Rfc8 18. Rfd1 Ne5 19. Nb1 Nfd7 20. Rc2 bxc4 21. Nxc4 Nxc4 22. Rxc4 Rxc4 23. Qxc4 Bf8 24. Rc1 Nb6 25. Qc7 Qxc7 26. Rxc7 Rc8 27. Rxc8 Nxc8 28. Kf2 f6 29. Ke3 Kf7 30. Kd3 Ke7 31. Na3 Kd7 32. Nc2 d5 33. exd5 exd5 34. Bc3 Nb6 35. Kd4 Bd6 36. f4 g5 37. Ba5 Nc8 38. fxg5 Ne7 39. Bd2 f5 40. Bf4 Ke6 41. Kd3 Bc5 42. b4 Bb6 43. Nd4+ Kf7 44. Bd6 Nc8 45. Bc5 Kg6 46. Ne6 Kf7 47. Nf4 Bd8 48. h4 Bc7 49. Kd4 Nd6 50. Bxd6 Bxd6 51. a3 Bc7 52. Kxd5 Bb6 53. Ke5 Bf2 54. Kxf5 Bxg3 55. h5 Be1 56. Nd3 Bc3 57. Nc5 a5 58. bxa5 Bxa5 59. a4 Bc3 60. Nb3 Ke7 61. Nc5 Bb4 62. Ne4 Kf7 63. Nf6 Kg7 64. h6+ Kh8 65. g6 hxg6+ 66. Kxg6 Bc3 67. Ne4 Bb4 68. Ng5 Bd2 69. Nf7+ Kg8 70. h7+ 1-0

[Event "DEN-chT 1920 58th"]
[Site "Denmark"]
[Date "2020.01.12"]
[Round "5.4"]
[White "Hove, Esben Kjems"]
[Black "Sahl, Bjarke"]
[Result "1/2-1/2"]
[WhiteElo "2323"]
[BlackElo "2326"]
[PlyCount "77"]
[EventDate "2019.11.23"]
[EventType "team-tourn"]
[EventRounds "9"]
[EventCountry "DEN"]
[SourceTitle "CBM 194 Extra"]
[Source "ChessBase"]
[SourceDate "2020.03.31"]
[SourceVersion "1"]
[SourceVersionDate "2020.03.31"]
[SourceQuality "1"]
[WhiteTeam "Nordkallotten"]
[BlackTeam "Ballerup"]
[WhiteTeamCountry "DEN"]
[BlackTeamCountry "DEN"]

1. d4 Nf6 2. c4 e6 3. Nf3 b6 4. g3 Bb4+ 5. Nbd2 0-0 6. Bg2 Bb7 7. 0-0 a5 8. Ne5 Qc8 9. Ndf3 Be7 10. Nd3 c5 11. dxc5 bxc5 12. Nfe1 d6 13. f3 Nbd7 14. e4 Bc6 15. Nc2 Qc7 16. Ne3 Rfd8 17. Bd2 Nf8 18. Bc3 Ng6 19. Qc2 Qb7 20. Nf2 Ne8 21. f4 Bf6 22. Bxf6 Nxf6 23. Rad1 h5 24. Rd2 h4 25. Rfd1 hxg3 26. hxg3 Qc7 27. e5 dxe5 28. Rxd8+ Rxd8 29. Rxd8+ Qxd8 30. Bxc6 exf4 31. gxf4 Qc7 32. Be4 Nxf4 33. Bf3 Nh7 34. Kf1 f5 35. Nxf5 exf5 36. Qxf5 Nf6 37. Ne4 Nxe4 38. Qxe4 Qd6 39. Qe8+ 1/2-1/2

[Event "DEN-chT 1920 58th"]
[Site "Denmark"]
[Date "2019.11.24"]
[Round "2.3"]
[White "Pedersen, Nicolai Vesterbaek"]
[Black "Hove, Esben Kjems"]
[Result "1-0"]
[WhiteElo "2391"]
[BlackElo "2323"]
[PlyCount "93"]
[EventDate "2019.11.23"]
[EventType "team-tourn"]
[EventRounds "9"]
[EventCountry "DEN"]
[SourceTitle "CBM 193 Extra"]
[Source "ChessBase"]
[SourceDate "2020.01.31"]
[SourceVersion "1"]
[SourceVersionDate "2020.01.31"]
[SourceQuality "1"]
[WhiteTeam "Skanderborg Nordea"]
[BlackTeam "Nordkallotten"]
[WhiteTeamCountry "DEN"]
[BlackTeamCountry "DEN"]

1. c4 Nf6 2. Nc3 e5 3. g3 d6 4. Bg2 c6 5. d4 Be7 6. e4 0-0 7. Nge2 Nbd7 8. 0-0 a6 9. f4 Qc7 10. c5 exd4 11. cxd6 Bxd6 12. Nxd4 Bc5 13. Be3 Nb6 14. Nc2 Qe7 15. Kh1 Ng4 16. Bxc5 Qxc5 17. Qe2 Qc4 18. Qf3 f6 19. Rad1 Nh6 20. h3 Qf7 21. Qf2 Qc7 22. Qc5 Nd7 23. Qe7 Rf7 24. Qb4 b5 25. g4 a5 26. Qd6 Nf8 27. e5 Ra6 28. Qxc7 Rxc7 29. exf6 gxf6 30. Ne4 Kg7 31. Rd6 c5 32. Nxf6 Rxd6 33. Ne8+ Kg8 34. Nxd6 Be6 35. b3 Rd7 36. Ne4 Rc7 37. f5 Bc8 38. Ne3 Bb7 39. Nf6+ Kf7 40. Ned5 Bxd5 41. Nxd5 Rc8 42. g5 Ng8 43. Bf3 Nd7 44. Bh5+ Kf8 45. f6 Ne5 46. Nf4 Rc6 47. Re1 1-0

[Event "DEN-chT 1920 58th"]
[Site "Denmark"]
[Date "2019.11.23"]
[Round "1.3"]
[White "Hove, Esben Kjems"]
[Black "Ochsner, Thomas"]
[Result "1-0"]
[WhiteElo "2323"]
[BlackElo "2265"]
[PlyCount "85"]
[EventDate "2019.11.23"]
[EventType "team-tourn"]
[EventRounds "9"]
[EventCountry "DEN"]
[SourceTitle "CBM 193 Extra"]
[Source "ChessBase"]
[SourceDate "2020.01.31"]
[SourceVersion "1"]
[SourceVersionDate "2020.01.31"]
[SourceQuality "1"]
[WhiteTeam "Nordkallotten"]
[BlackTeam "Aarhus/Skolerne"]
[WhiteTeamCountry "DEN"]
[BlackTeamCountry "DEN"]

1. d4 Nf6 2. c4 e6 3. Nf3 b6 4. g3 Bb7 5. Bg2 Be7 6. 0-0 0-0 7. Nc3 Ne4 8. Qc2 Nxc3 9. Qxc3 c5 10. dxc5 bxc5 11. Rd1 d6 12. Bf4 Qc7 13. Qc2 Nc6 14. Ng5 Bxg5 15. Bxg5 Nd4 16. Qd2 Bxg2 17. Kxg2 Rfb8 18. f3 Qb7 19. Rab1 a5 20. Be3 Nf5 21. Bf2 Ra6 22. e4 Nd4 23. Bxd4 cxd4 24. Qxd4 h6 25. e5 dxe5 26. Qxe5 Rb6 27. Rd2 a4 28. Qc3 Rb4 29. c5 Qb5 30. Rc2 Rd8 31. c6 Rd3 32. Qe1 Rd8 33. Rd1 Rc8 34. Qc3 Kh7 35. c7 Qb7 36. Rd7 Rb5 37. Rxf7 Rg5 38. Qd3+ Kg8 39. Rd7 Rf5 40. Rd8+ Rf8 41. Rxc8 Qxc8 42. Qd6 Kh7 43. Qxf8 1-0

[Event "DEN-chT 1819 57th"]
[Site "Denmark"]
[Date "2019.03.16"]
[Round "8.5"]
[White "Skjoldager, Per"]
[Black "Hove, Esben Kjems"]
[Result "0-1"]
[WhiteElo "2087"]
[BlackElo "2286"]
[PlyCount "68"]
[EventDate "2018.10.27"]
[EventType "team-tourn"]
[EventRounds "9"]
[EventCountry "DEN"]
[SourceTitle "CBM 189 Extra"]
[Source "ChessBase"]
[SourceDate "2019.06.03"]
[SourceVersion "1"]
[SourceVersionDate "2019.06.03"]
[SourceQuality "1"]
[WhiteTeam "Evans"]
[BlackTeam "Nordkalotten"]
[WhiteTeamCountry "DEN"]
[BlackTeamCountry "DEN"]

1. e4 c6 2. d4 d5 3. e5 Bf5 4. Nc3 e6 5. g4 Bg6 6. Nge2 c5 7. h4 h5 8. Nf4 Bh7 9. Nxh5 cxd4 10. Qxd4 Nc6 11. Bb5 a6 12. Bxc6+ bxc6 13. Bg5 Qa5 14. Bd2 c5 15. Qf4 Qc7 16. Qa4+ Qd7 17. Qxd7+ Kxd7 18. 0-0-0 Kc6 19. f4 Nh6 20. Rhg1 Bg6 21. f5 Bxh5 22. Bxh6 Rxh6 23. gxh5 d4 24. Ne4 exf5 25. Ng5 Rxh5 26. Nxf7 Rxh4 27. Rg6+ Kd5 28. b3 Rg4 29. c4+ Ke4 30. Re1+ Kf3 31. Ng5+ Kf2 32. Kd2 Be7 33. Nh3+ Kg3 34. Re6 Bd8 0-1